The WWE Champion on January 1st - Statistics

General Stats
  • This quiz has been taken 998 times
    124 since last reset
  • The average score is 53 of 62
Answer Stats
Year Champion % Correct
2006 John Cena
99%
2007 John Cena
99%
2004 Brock Lesnar
97%
2015 Brock Lesnar
97%
2020 Brock Lesnar
97%
1985 Hulk Hogan
97%
1986 Hulk Hogan
97%
1987 Hulk Hogan
97%
1988 Hulk Hogan
97%
1990 Hulk Hogan
97%
2008 Randy Orton
97%
2014 Randy Orton
97%
1998 Shawn Michaels
97%
2016 Roman Reigns
95%
2023 Roman Reigns
95%
2024 Roman Reigns
95%
2025 Cody Rhodes
93%
2026 Cody Rhodes
93%
1993 Bret Hart
91%
1996 Bret Hart
91%
2017 AJ Styles
90%
2018 AJ Styles
90%
1964 Bruno Sammartino
88%
1965 Bruno Sammartino
88%
1966 Bruno Sammartino
88%
1967 Bruno Sammartino
88%
1968 Bruno Sammartino
88%
1969 Bruno Sammartino
88%
1970 Bruno Sammartino
88%
1971 Bruno Sammartino
88%
1974 Bruno Sammartino
88%
1975 Bruno Sammartino
88%
1976 Bruno Sammartino
88%
1977 Bruno Sammartino
88%
2002 Chris Jericho
88%
2012 CM Punk
87%
2013 CM Punk
87%
2019 Daniel Bryan
87%
2001 Kurt Angle
87%
2003 Kurt Angle
87%
1994 Yokozuna
85%
2000 The Big Show
84%
2011 The Miz
84%
2021 Drew McIntyre
83%
1991 The Ultimate Warrior
81%
1995 Diesel
80%
2005 John Bradshaw Layfield
80%
2010 Sheamus
80%
1989 Randy Savage
79%
2009 Jeff Hardy
78%
1999 Mankind
78%
2022 Big E
77%
1979 Bob Backlund
76%
1980 Bob Backlund
76%
1981 Bob Backlund
76%
1982 Bob Backlund
76%
1983 Bob Backlund
76%
1997 Sycho Sid
71%
1972 Pedro Morales
62%
1973 Pedro Morales
62%
1984 The Iron Sheik
60%
1978 Superstar Billy Graham
53%
No matching quizzes found
Score Distribution
Percent of People with Each Score
Percentile by Number Answered
Your Score History
You have not taken this quiz since the last reset